| 000 | 00453nam a22001577a 4500 | ||
|---|---|---|---|
| 005 | 20260323152414.0 | ||
| 008 | 260323b |||||||| |||| 00| 0 eng d | ||
| 020 | _a978-81-203-2086-4 | ||
| 100 | _aSIVASANKAR, B. | ||
| 245 | _aFOOD PROCESSSING AND PRESERVATION | ||
| 260 |
_aDELHI _bPHI LEARNING PRIVATE _c2025 |
||
| 300 | _aXII, 360P. | ||
| 500 | _aINCLUDES INDEX | ||
| 650 | _a1, FOOD INDUSTRY AND TRADE 2. FOOD - PRESERVATION | ||
| 942 |
_2lcc _cBK |
||
| 999 |
_c216862 _d216862 |
||